| 000 | 01239cam a2200337 i 4500 | ||
|---|---|---|---|
| 001 | 33199 | ||
| 003 | Mx-PuUPA | ||
| 005 | 20260605120857.0 | ||
| 008 | 140415s1998 mx gr 000 0 spa d | ||
| 020 | _a9700509834 | ||
| 040 |
_aMx-PuUPA _bspa _cMx-PuUPA _dMx-PuUPA _erda |
||
| 041 | 0 | _aspa | |
| 100 | 1 |
_aCervantes Saavedra, Miguel de, _d1547-1616, _97403 _eautor |
|
| 245 | 1 | 0 |
_aDon Quijote de la Mancha / _cMiguel de Cervantes Saavedra ; adaptación literaria, Emilia Negrete Philippe |
| 264 | 1 |
_aMéxico, D.F. : _bEditorial Grijalbo, _c1998 |
|
| 300 |
_a127 páginas ; _c19 cm |
||
| 336 |
_2rdacontent _atexto _btxt |
||
| 337 |
_2rdamedia _asin medio _bn |
||
| 338 |
_2rdacarrier _avolumen _bnc |
||
| 500 | _aReimpresiones: (3a reimpresión, mayo, 2004). | ||
| 600 | 1 | 4 |
_aCervantes Saavedra, Miguel, _d1547-1616 |
| 600 | 0 | 4 |
_aDon Quijote (Personaje ficticio) _vNovela |
| 650 | 7 |
_2armarc _aCaballeros y caballería _vNovela |
|
| 650 | 7 |
_2armarc _aCaballería _vNovela |
|
| 650 | 7 |
_2armarc _aLiteratura española |
|
| 655 | 7 |
_2armarc _aNovela española _yPeriodo clásico, 1500-1700 |
|
| 700 | 1 |
_aNegrete Philippe, Emilia, _eadaptador |
|
| 942 |
_2ddc _cLI _h863 _iC45 |
||
| 999 |
_c33199 _d33199 |
||